Educación física y recreación para la tercera edad

Gorde:
Xehetasun bibliografikoak
Egile nagusia: Lorda Paz, C. Raúl (autor)
Formatua: Liburua
Hizkuntza:gaztelania
Argitaratua: Montevideo Dipal 1987
Gaiak:
Etiketak: Etiketa erantsi
Etiketarik gabe, Izan zaitez lehena erregistro honi etiketa jartzen!

MARC

LEADER 00000nam a2200000 a 4500
001 UCW4120
003 CL-VaPUC
008 890905e19870000UY |||||||||||||||||spa|d
082 0 4 |a 372.86056  |b LOR  |2 21 
100 |a Lorda Paz, C. Raúl  |e autor  |9 308678 
245 1 0 |a Educación física y recreación para la tercera edad 
300 |a 142 p 
942 |c BK 
945 |d 19890905 00:00:00 
260 |a Montevideo  |b Dipal  |c 1987 
650 0 |a Educación física  |9 240893 
650 0 |a Ancianos   |9 307293 
650 0 |a Tercera edad   |9 307285 
583 |a last modification  |c 20170913 11:53:30  |k Rodrigo Vera 
999 |c 217921  |d 217919 
952 |0 0  |1 0  |4 0  |6 372_860560000000000_LOR_1987  |7 0  |8 P  |9 206598  |a BIBEDU  |b BIBEDU  |c BIBEDU_PB  |d 2019-11-15  |i 274421K  |o 372.86056 LOR 1987  |p 274421K  |r 2024-01-25  |w 2019-11-15  |y BK  |k EDU